[Event "Linares"]
[Site "Linares"]
[Date "1994.??.??"]
[Round "?"]
[White "Illescas, Cordoba Miguel"]
[Black "Polgar, Judit"]
[Result "1-0"]
[WhiteElo "2590"]
[BlackElo "2630"]
[Annotator "Illescas Cordoba,M"]
[PlyCount "79"]
[EventDate "1994.??.??"]

{60/155} 1. e4 1... c5 2. Nf3 e6 3. c3 Nf6 4. e5 Nd5 5. d4 cxd4 6. cxd4 b6 7.
Nc3 Bb7 8. Bd3 8... Be7 $6 {N} (8... Nxc3 {- 33/211}) 9. O-O O-O 10. Qe2 {Qe4}
10... f5 11. Bd2 $1 $16 (11. exf6 Nxf6 12. Bg5 12... Nh5 $1 $13) (11. Bc4 Nxc3
12. bxc3 12... Qc8 $1 $11) 11... a6 {b5} 12. Bc4 Nxc3 (12... Nc7 13. d5 $1) 13.
bxc3 (13. Bxc3 b5 14. Bb3 14... a5 $1 $132) 13... b5 14. Bd3 $1 (14. Bb3 Nc6
15. d5 Na5 16. d6 Bxf3 17. Qxf3 17... Bg5 $13) 14... Ba3 (14... Nc6 15. Rfb1 $1
$16 {a4} (15. a4 b4 16. c4 16... d6 $1 17. exd6 17... Qxd6 $13)) 15. Rfb1 (15.
Rab1 $1 15... Bxf3 16. Qxf3 Nc6 17. g4 $1 $16) 15... Bxf3 (15... Nc6 16. Rb3
Be7 17. a4 Na5 18. Rb2 $16) (15... Bd5 16. Ne1 $5 (16. c4 bxc4 17. Bxc4 17...
Be4 $1 $14) 16... Be7 17. a4 $16) 16. Qxf3 Nc6 17. g4 $6 (17. Rb3 $1 17... Qe7
(17... Be7 18. a4 Na5 19. Rbb1 Nc4 20. Bxc4 bxc4 21. Rb7 $16) 18. g4 $1 18...
Na5 19. gxf5 $1 19... Nxb3 20. axb3 b4 21. Kh1 $1 21... Bb2 22. Rg1 bxc3 23.
Bh6 $18) 17... fxg4 18. Qxg4 18... Qe7 $2 (18... Rf7 $1 $13) 19. Rb3 $1 $16 {
Ba3} 19... Rf7 20. Re1 $1 20... Re8 {Na5} (20... Rc8 21. d5 $5 21... exd5 22.
e6 dxe6 23. Rxe6 $16) 21. Re3 $40 21... Ref8 (21... Na5 $6 22. Rh3 g6 23. Bg5
Qf8 24. Bh6 Qe7 25. Bxg6 hxg6 26. Qxg6+ Rg7 27. Bxg7 $18) 22. Rh3 22... Rf5 $8
23. Bxf5 Rxf5 24. Rg3 Rf7 25. c4 (25. Rf3 $18) 25... Bb4 26. Bxb4 Nxb4 27. a3
Nc6 28. cxb5 axb5 29. Rxb5 (29. Rbf3 $18) 29... Qf8 $1 30. Rbb3 (30. Rb7 $142)
30... Ne7 (30... Rxf2 31. Qxg7+ Qxg7 32. Kxf2 $18) 31. Rb7 $6 (31. a4 $18)
31... Qc8 32. Rgb3 Qc1+ 33. Kg2 Rf5 (33... Rf4 34. Rb8+ Kf7 35. Qxf4+ Qxf4 36.
Rf3 $18) (33... Qc6+ $1 34. Kg3 34... g6 $132) 34. Rb8+ Rf8 (34... Kf7 35. Rf3
Qc6 36. a4 Ng6 37. Kg3 $18) 35. Rxf8+ Kxf8 36. Rf3+ Nf5 (36... Kg8 37. Qf4) 37.
Rxf5+ exf5 38. Qxf5+ Ke8 39. Qxh7 Qg5+ 40. Kf3 1-0

[Event "Linares"]
[Site "Linares"]
[Date "1994.??.??"]
[Round "?"]
[White "Ivanchuk, Vassily"]
[Black "Anand, Viswanathan"]
[Result "1-0"]
[WhiteElo "2710"]
[BlackElo "2715"]
[Annotator "Ivanchuk,V; Kaplun,L"]
[PlyCount "109"]
[EventDate "1994.??.??"]

{60/302} 1. e4 1... e5 2. Nf3 Nf6 3. d4 Nxe4 (3... exd4 {- 60/(302)}) 4. Bd3
Nc6 5. dxe5 $5 (5. Bxe4 $145 5... d5 6. Bg5 Qd6 7. dxe5 Qb4+ 8. Nc3 dxe4 9. a3
Qa5 10. Nd2 Qxe5 11. Ndxe4 f5 12. Qh5+ g6 13. Qh4 13... Bg7 $1 14. O-O-O (14.
f4 14... Qe6 $8 15. O-O-O fxe4 16. Nxe4 (16. Nd5 O-O 17. Nxc7 17... Qa2 $1 18.
c3 18... Na5 $1 19. Rd5 Nc4 20. Rb5 20... Bxc3 $1 $19) 16... O-O 17. Rhe1 17...
Qg4 $1 18. Qf2 h6 19. h3 Qf5 20. Bh4 20... Bd4 $19) (14. Bf4 Qe6 15. O-O-O fxe4
16. Nxe4 (16. Nb5 16... O-O $1 17. Nxc7 17... Qg4 $19) 16... Qa2 17. c3 O-O 18.
Bxc7 18... Bf5 $19) 14... fxe4 15. Bf4 (15. Rhe1 O-O 16. Rxe4 Qa5 17. Ra4 Qc5
18. Be3 Qf5 19. Rf4 Qh5 20. Rxf8+ 20... Kxf8 $19) 15... Qe7 16. Bg5 Qe6 17. Nd5
(17. Rhe1 Bxc3 18. Rxe4 Be5 19. Rxe5 $8 19... Qxe5 20. Bf6 Qe2 21. Bxh8 Bf5 22.
Rd2 Qe1+ 23. Rd1 Qe4 24. Qxe4+ Bxe4 25. Re1 25... Kf7 $19) 17... O-O $1 (17...
Be5 $2 18. Rhe1 $44) 18. Nxc7 $8 18... Qe5 19. Nxa8 Qxb2+ 20. Kd2 Qc3+ 21. Ke2
(21. Kc1 21... Bf5 $1 {e3-+}) 21... Be6 $1 $19 {Gallmann,D}) 5... d5 (5... Nc5
6. Bg5 $5 6... Nxd3+ 7. Qxd3 7... Nxe5 $5 (7... Be7 8. Bxe7 Qxe7 9. O-O Nxe5
10. Nxe5 Qxe5 11. Nc3 $44) 8. Qe2 f6 9. Nxe5 9... Qe7 $13) 6. exd6 $1 {N} (6.
O-O) 6... Nxd6 7. Nc3 Be7 (7... Be6 8. Ng5) 8. Nd5 8... Nf5 $6 (8... Be6 $142
9. Nxe7 Qxe7 10. O-O O-O-O 11. Re1 Qd7) 9. Be4 (9. Bc4 Nb4 10. Nxe7 Qxe7+ 11.
Be2 $14) 9... Nb4 $6 (9... Nd6 10. Bf4 (10. Bd3 Nf5 11. Bc4) 10... O-O 11. Bd3
Bf6 12. O-O Bxb2 13. Nxc7 $1 $14) 10. Nxe7 $1 10... Qxe7 (10... Qxd1+ 11. Kxd1
Kxe7 12. Bd2 $16) 11. O-O Nd6 12. Bg5 $1 12... f6 $8 (12... Qe6 13. Re1) (12...
Qd7 13. Qd4) 13. Bd5 Nxd5 14. Re1 Be6 15. Nd4 O-O-O 16. Nxe6 Rde8 17. Qxd5 (17.
Bh4 $2 17... g5 $1) 17... fxg5 18. Qd4 Nb5 19. Qxg7 $18 19... Rhg8 20. Qxe7
Rxe7 21. Kf1 Nd6 22. a4 $2 (22. Nc5 {Nd3+-}) 22... Nc4 23. Nc5 Rxe1+ 24. Rxe1 {
R 9/h} 24... Nxb2 25. Re7 $16 25... h6 (25... h5 $5 $142) 26. a5 $1 (26. Ne6
Kb8) 26... a6 27. Re4 Nd1 28. Na4 Rd8 29. Ke2 Rd5 (29... Kb8 $142 30. Rc4 {
Nc5-d3} 30... Rd5 31. f4 gxf4 32. Rxf4 b5 33. axb6 cxb6 34. c4 (34. Nxb6 Nc3+
35. Kf3 Rb5) 34... Rd6 35. Rf1 b5 36. Rxd1 Re6+ 37. Kf3 bxa4 38. Ra1 Rf6+ 39.
Kg3 Rg6+ 40. Kh3) 30. f4 gxf4 (30... Kd7 $5 31. f5 Rxa5 32. Kxd1 32... Rxf5 $16
) 31. Rxf4 Kb8 32. g4 b5 33. axb6 cxb6 34. c4 $1 34... Rd6 35. Rf1 b5 36. Rxd1
Re6+ 37. Kf3 bxa4 38. Ra1 Kc7 39. Rxa4 $18 39... Kd7 40. c5 Rc6 41. Ra5 Rf6+
42. Ke4 Re6+ 43. Kf5 Ke7 44. h4 Kd7 45. Ra4 Rc6 46. Rd4+ Ke7 47. Re4+ Kf7 48.
Rc4 a5 49. Ke5 Ke7 50. Kd5 Kd7 51. Rf4 Rg6 52. h5 Rg5+ 53. Kc4 a4 54. Kb5 a3
55. Ra4 1-0

[Event "Linares"]
[Site "Linares"]
[Date "1994.??.??"]
[Round "?"]
[White "Ivanchuk, Vassily"]
[Black "Illescas, Cordoba Miguel"]
[Result "1-0"]
[WhiteElo "2710"]
[BlackElo "2590"]
[Annotator "Ivanchuk,V; Kaplun,L"]
[PlyCount "87"]
[EventDate "1994.??.??"]

{60/412} 1. d4 1... Nf6 2. c4 c6 3. Nc3 d5 4. Nf3 e6 5. Bg5 dxc4 6. e4 b5 7. e5
h6 8. Bh4 g5 9. Nxg5 hxg5 10. Bxg5 Nbd7 11. g3 b4 12. Ne4 Nxe4 13. Bxd8 Kxd8
14. Bxc4 Nb6 15. Bd3 f5 16. Bxe4 fxe4 17. Qg4 {N} (17. Qe2 {- 4/654}) 17... Bd7
$6 18. Qxe4 Kc7 19. O-O Be7 (19... Kb7 $142 20. a3 Nd5) 20. Rac1 Kb7 21. f4
Raf8 22. Rf3 Nd5 23. a3 23... Rhg8 $2 {h7} (23... a5 $142) 24. axb4 Bxb4 25.
Qh7 $16 25... Kc7 26. Rf2 Kd8 (26... Be7 27. Ra1 Kb7 28. b4 $1 {Rfa2} 28... Rb8
29. Qd3 Nxb4 30. Rb2 $18) 27. Kh1 Rh8 28. Qd3 a5 29. Rfc2 {c6} 29... Rh3 (29...
Ke7 30. Rxc6 Bxc6 31. Rxc6 Rc8 32. Rxc8 Rxc8 33. h4 $1 $16) 30. Rxc6 $1 30...
Rxf4 31. Qc2 Rf5 (31... Rxd4 32. Rc8+ Ke7 33. Qg6 $18) 32. Rc8+ Ke7 33. Rg8 $18
33... Rh7 34. Kg1 $1 (34. g4 $6 34... Rff7 35. Qg6 35... Bd2 $1) 34... a4 35.
Rb8 Rhf7 36. Rxb4 Rf1+ 37. Rxf1 Rxf1+ 38. Kxf1 Ne3+ 39. Kf2 Nxc2 40. Rc4 Na1
41. h4 Be8 42. g4 Nb3 43. h5 Na5 44. Rc7+ 1-0

[Event "Linares"]
[Site "Linares"]
[Date "1994.??.??"]
[Round "?"]
[White "Ivanchuk, Vassily"]
[Black "Lautier, Joel"]
[Result "1-0"]
[WhiteElo "2710"]
[BlackElo "2625"]
[Annotator "Ivanchuk,V; Kaplun,L"]
[PlyCount "126"]
[EventDate "1994.??.??"]

{60/374} 1. d4 1... d5 2. c4 c6 3. Nf3 Nf6 4. Nc3 dxc4 5. a4 Bf5 6. e3 e6 7.
Bxc4 Bb4 8. O-O Nbd7 9. Qe2 Bg6 10. e4 Bxc3 11. bxc3 Nxe4 12. Ba3 Qc7 13. Rfc1
O-O-O 14. a5 Nd6 15. Bb3 15... Bh5 {N} (15... Rhe8 {- 42/476}) 16. h3 (16. c4
$6 16... Nf5 {d4}) 16... Rhe8 17. a6 b6 18. c4 c5 (18... e5 19. c5 Nb5 (19...
bxc5 20. Bxc5 e4 21. Bxd6 Qxd6 22. Qb5 $18) 20. cxb6 Nxb6 (20... Qxb6 21. d5
Nd4 22. Nxd4 Bxe2 23. Rxc6+ Qxc6 24. Nxc6 $16) 21. dxe5 $1 21... Nd4 22. Nxd4
$1 22... Bxe2 23. Nxc6 Kd7 (23... Bc4 24. Bxc4 Rd1+ 25. Rxd1 Nxc4 26. Ne7+ $1
26... Rxe7 27. Bxe7 Qxe7 28. Rac1 Qc5 29. Rd2 {Rdc2}) (23... Nc4 24. Bxc4 Rd1+
25. Rxd1 Bxd1 (25... Bxc4 26. Ne7+) 26. Bb5 $16) 24. Nxd8 Qxd8 25. Ra2 Rxe5 (
25... Qg5 26. h4 $1 26... Qf4 27. Rxe2 Rxe5 28. Rd1+ Ke8 29. Bd6 $18) 26. Rd2+
Nd5 27. Bxd5 $16 (27. Rc5 $2 27... Bf3 $1 28. Bxd5 Re1+ 29. Kh2 Qb8+ 30. g3
Rh1#)) 19. Ba4 e5 20. dxc5 bxc5 21. Qe3 $44 21... Re6 $6 (21... f5 $5 22. Nxe5
$5 (22. Bxd7+ Rxd7 23. Nxe5 23... Nf7 $11) 22... Nf7 $1 (22... Nxe5 23. Bxe8
Rxe8 (23... Nxe8 24. Rab1) 24. Qxc5 $16) 23. f4 Nfxe5 24. fxe5 24... Qxe5 $11)
22. Ng5 Rf6 (22... Rg6 23. g4 $5) 23. Bb2 h6 24. Ne4 Nxe4 (24... Nf5 $142) 25.
Qxe4 Re6 26. Re1 Bg6 (26... f6 27. f4) 27. Qa8+ Qb8 28. Bxd7+ Rxd7 29. Qxb8+
Kxb8 30. Rxe5 (30. Bxe5+ $5 {Bg7}) 30... Rdd6 31. Rxc5 Rxa6 32. Rxa6 32... Rxa6
{R 9/j} 33. Bxg7 h5 34. f4 34... f5 $6 (34... f6 $1) 35. Be5+ Kb7 36. Rc7+ Kb6
37. Kh2 $1 37... Ka5 (37... Be8 {Bc6, Ra2 g2} 38. Re7 $1 38... Bc6 39. Bd4+ Ka5
40. Bc5 Be4 41. Rg7 $1 {Rg3} 41... Bd3 42. Kg3 Bxc4 43. Kh4) 38. Kg3 Be8 39.
Kh4 Kb4 40. g3 Rg6 41. Rxa7 $18 41... Kxc4 42. Ra8 Bc6 43. Ra3 Be8 44. Re3 Kd5
45. Bf6 $1 45... Bd7 46. Bc3 Be6 47. Bb4 Bd7 48. Kxh5 Rg8 49. Bc3 Kd6 50. Kh6
Be6 51. Kh7 Ra8 52. Bb4+ Kd7 53. Kg7 Ra4 54. Kf6 Bd5 55. Bc3 Be4 56. g4 fxg4
57. hxg4 Bc2 58. Re7+ Kd8 59. Be5 Ra6+ 60. Re6 Rxe6+ 61. Kxe6 Ke8 62. Bd6 Bd1
63. g5 Bc2 1-0

[Event "Linares"]
[Site "Linares"]
[Date "1994.??.??"]
[Round "?"]
[White "Ivanchuk, Vassily"]
[Black "Polgar, Judit"]
[Result "1/2-1/2"]
[WhiteElo "2710"]
[BlackElo "2630"]
[PlyCount "47"]
[EventDate "1994.??.??"]

{60/(586)} 1. d4 1... Nf6 2. Nf3 g6 3. c4 Bg7 4. Nc3 O-O 5. e4 d6 6. Be2 e5 7.
O-O Nc6 8. d5 Ne7 9. Nd2 a5 10. a3 Nd7 11. Rb1 f5 12. b4 Kh8 13. f3 Ng8 14. Nb3
axb4 15. axb4 Ndf6 16. Na5 {N} (16. Bd2 {- 48/813}) 16... Nh5 17. Ra1 Qh4 18.
Qe1 Qf6 19. g3 b6 20. Nb3 Rxa1 21. Nxa1 Qe7 22. Nb3 Nhf6 23. c5 h5 24. Bg5
1/2-1/2

[Event "Linares"]
[Site "Linares"]
[Date "1994.??.??"]
[Round "?"]
[White "Kamsky, Gata"]
[Black "Bareev, Evgeny"]
[Result "1/2-1/2"]
[WhiteElo "2695"]
[BlackElo "2685"]
[Annotator "Bareev,E"]
[PlyCount "90"]
[EventDate "1994.??.??"]

{60/359} 1. d4 1... d5 2. c4 c6 3. Nc3 Nf6 4. Nf3 a6 5. a4 e6 (5... g6 {
- 60/(359)}) 6. g3 dxc4 7. Bg2 c5 8. O-O {N} (8. dxc5 {- 59/402}) 8... cxd4 9.
Nxd4 Bc5 10. Be3 Qe7 11. Nc2 11... O-O $11 12. a5 Nc6 13. Na4 Bxe3 14. Nxe3 Rd8
15. Qe1 (15. Qb1 Nd4 16. Re1 Rb8 17. Nb6 17... Bd7 $11) 15... Nd4 16. Nb6 Rb8
17. Rd1 (17. Rc1 $11) 17... e5 18. Nexc4 (18. Nbxc4 18... Bd7 $15) 18... Bg4
19. Rd2 (19. f3 Be6 20. e3 20... Nc6 $15) 19... e4 $5 (19... Qe6 20. f3 Bh5 21.
e3 Nc6 22. Rxd8+ Rxd8 23. g4 Bg6 24. e4 $11) 20. h3 Be6 21. Qd1 Nc6 22. Qa4 (
22. Rxd8+ Rxd8 23. Qa4 23... Qc5 $17) 22... Rxd2 23. Nxd2 e3 24. Ndc4 (24. fxe3
24... Bxh3 $19) (24. Ne4 Nxe4 25. Qxe4 exf2+ 26. Rxf2 Nxa5 (26... Rd8 $17) 27.
Nd5 27... Qd6 $19) 24... exf2+ 25. Rxf2 Qc7 (25... Rd8 26. Qa3 $1 26... Qc7 27.
Qc3 Nd5 28. Nxd5 Bxd5 29. Bxd5 29... Rxd5 $17) 26. Qa3 26... Nxa5 $6 (26... Rd8
$1) 27. Qxa5 Bxc4 28. Nxc4 Qxc4 29. Bxb7 $8 29... Qb3 $1 (29... Qc1+ 30. Kh2
Qxb2 31. Bxa6 Ra8 32. Qb5 $11) (29... Qe6 30. Qxa6 Qxh3 (30... Qxa6 $11) 31.
Qd6 $1 31... Re8 32. Bc6 $11) (29... h5 30. Bxa6 Qc1+ 31. Kh2 31... Qe3 $11)
30. Bf3 Qe6 31. Kg2 $1 (31. g4 Rxb2 32. Qd8+ Qe8 33. Qxe8+ Nxe8 34. Bd5 34...
Nd6 $17) 31... Rxb2 32. Rf1 $1 {a6} 32... g6 (32... h5 33. Ra1 33... Rb6 $15)
33. Ra1 33... Rxe2+ $2 (33... Rb6 $15) 34. Bxe2 Qxe2+ 35. Kg1 Qe3+ 36. Kg2 Qe4+
37. Kh2 Qe2+ 38. Kg1 Qe3+ 39. Kg2 Ne4 40. Qe1 $1 $11 40... Qb6 41. Rb1 (41. Qe2
$2 41... Qb3 $17) 41... Qc6 42. Qc1 Qd5 43. Kh2 Kg7 44. Qb2+ Kh6 45. Qc1+ Kg7
1/2-1/2

[Event "Linares"]
[Site "Linares"]
[Date "1994.??.??"]
[Round "?"]
[White "Kamsky, Gata"]
[Black "Beliavsky, Alexander G"]
[Result "1-0"]
[WhiteElo "2695"]
[BlackElo "2650"]
[Annotator "Beliavsky,A"]
[PlyCount "61"]
[EventDate "1994.??.??"]

{60/515} 1. d4 1... Nf6 2. c4 e6 3. Nc3 Bb4 4. e3 O-O 5. Bd3 c5 6. Nge2 cxd4 7.
exd4 d5 8. O-O dxc4 9. Bxc4 Nc6 10. Bg5 Be7 (10... h6 11. Be3 (11. Bh4) 11...
Ng4 $13) 11. Rc1 (11. Qd2 {Rad1}) 11... Qa5 {N} (11... b6) 12. Qd2 Rd8 13. a3
Bd7 14. Rfd1 Be8 15. Ba2 15... h6 $2 (15... b5 $1 $13) (15... a6 $5 {Kasparov,G
}) 16. Be3 (16. Bh4 16... Rac8 {Qh5}) 16... Bd6 $6 (16... Bf8 $1 {h6}) 17. h3
17... Rac8 $2 (17... Bf8 $1) 18. Bxh6 $1 18... gxh6 19. Qxh6 Nh7 (19... Be7 20.
Rd3 Nh5 21. d5 Ne5 22. Re3 $18) 20. Bb1 $1 (20. Rd3 $2 20... Bf8 21. Rg3+ Kh8)
20... f5 (20... Nf8 $1 21. Ne4 $5 (21. Rd3 $5 21... Ng6) (21. d5 exd5 22. Ng3
22... Bxg3 $1 $13 (22... Ng6 23. Nh5 $18))) 21. b4 Qc7 (21... Qxa3 22. Qxe6+
Bf7 23. Qxf5 Nf8 24. Ne4 $40) 22. Qxe6+ Qf7 23. Bxf5 $18 23... Rc7 $8 24. Ne4
Qxe6 (24... Nf8 25. Nxd6 $1 (25. Qxf7+ Rxf7) 25... Nxe6 (25... Qxe6 26. Bxe6+
Nxe6 27. Nxe8 Rxe8 28. d5) 26. Nxf7 Bxf7 27. d5 $142 (27. Bxe6 Bxe6 28. b5
28... Nxd4 $1)) 25. Bxe6+ Bf7 26. d5 Ne5 27. Nd4 Rxc1 28. Rxc1 Bb8 29. Nf5 Kf8
30. Nc5 Ng5 31. Nxb7 1-0

[Event "Linares"]
[Site "Linares"]
[Date "1994.??.??"]
[Round "?"]
[White "Kamsky, Gata"]
[Black "Karpov, Anatoly"]
[Result "1/2-1/2"]
[WhiteElo "2695"]
[BlackElo "2740"]
[Annotator "Karpov,An"]
[PlyCount "133"]
[EventDate "1994.??.??"]

{60/299} 1. e4 1... e5 2. Nf3 Nf6 3. Nxe5 d6 4. Nf3 Nxe4 5. d4 d5 6. Bd3 Be7 7.
O-O Nc6 8. Re1 Bg4 9. c4 Nf6 10. cxd5 Bxf3 11. Qxf3 Qxd5 12. Qxd5 Nxd5 13. Be4
O-O-O 14. Nc3 Bb4 15. Bd2 (15. Bg5 15... Nxc3 $1 16. Bxc6 bxc6 17. Bxd8 (17.
bxc3 Bxc3 18. Bxd8 18... Bxa1 $15) 17... Nb5 $15) 15... Nf6 $1 $11 16. Bxc6 $8
16... bxc6 17. Be3 Nd5 18. Rac1 (18. a3 Bxc3 19. bxc3 Nxc3 20. Rac1 Nb5 21.
Rxc6 Nxd4 22. Rc4 $11) 18... Nxe3 {N} (18... Rhe8 {- 40/(383)}) (18... Bxc3 $11
) (18... Nxc3 $11) 19. fxe3 c5 20. Rf1 (20. a3 Bxc3 21. bxc3 21... Rhe8 $15) (
20. dxc5 $11) 20... f6 21. Rf5 21... Rhe8 $15 22. dxc5 $2 22... Rxe3 $17 23.
Na4 (23. Nd5 $2 23... Bd2 $1 24. Rc2 (24. Rd1 24... Rd3 $19) 24... g6 $1 25.
Rxd2 25... gxf5 $19) 23... c6 $1 24. Kf1 Rd4 (24... Rd2 $6 25. Rf2) 25. b3 (25.
a3 Bd2 26. Rc2 (26. Rd1 Ree4) 26... Rb3) 25... Kd7 26. Nb2 (26. Rf2 26... Rde4
$1 {Re1-+}) 26... Ke6 27. Rf2 27... Rd5 $1 (27... Ba3 28. g3) 28. g3 Rxc5 (
28... Bxc5 29. Rfc2 Ree5 30. Na4 Kd6 31. Kg2 $17) 29. Nc4 Re4 30. a3 Ba5 31.
Rfc2 Bc7 32. b4 Rf5+ 33. Kg2 33... h5 $4 (33... Kf7 $17) (33... Kd7 $17) 34.
Nb2 $1 $11 34... Kf7 35. Rd2 Bb6 36. Nc4 Bc7 37. Rd7+ Re7 38. Rxc7 $1 38...
Rxc7 39. Nd6+ Ke6 40. Nxf5 Kxf5 41. Rc5+ Ke6 42. Rxh5 g5 43. h4 43... c5 $1 44.
bxc5 Rxc5 45. hxg5 Ra5 46. Rh6 $1 46... Rxg5 47. Rh4 Ra5 48. Re4+ Kf5 49. Re3
Kg5 50. Rc3 Ra4 51. Kf3 $2 (51. Kh3 $11) 51... f5 52. Rd3 Rc4 53. Re3 a5 54.
Re5 a4 55. Re8 Rc3+ 56. Kg2 Rxa3 57. Ra8 Ra1 58. Ra6 f4 59. gxf4+ 59... Kxf4 {
R 3/i} 60. Rf6+ Ke4 61. Rg6 Ke3 62. Rg4 $1 62... a3 63. Rg3+ Ke4 64. Rb3 Ra2+
65. Kg3 Kd4 66. Rf3 Ra1 67. Kg2 1/2-1/2

[Event "Linares"]
[Site "Linares"]
[Date "1994.??.??"]
[Round "?"]
[White "Kamsky, Gata"]
[Black "Kramnik, Vladimir"]
[Result "1/2-1/2"]
[WhiteElo "2695"]
[BlackElo "2710"]
[PlyCount "60"]
[EventDate "1994.??.??"]

{60/(439)} 1. d4 1... d5 2. c4 c6 3. Nf3 Nf6 4. Nc3 e6 5. e3 Nbd7 6. Bd3 dxc4
7. Bxc4 b5 8. Bd3 a6 9. e4 c5 10. e5 cxd4 11. Nxb5 axb5 12. exf6 gxf6 13. O-O
Qb6 14. Be4 Bb7 15. Bxb7 Qxb7 16. Nxd4 Rg8 17. f3 17... Ne5 {N} (17... Bc5) (
17... Rd8) 18. Qe2 Bc5 19. Be3 Rd8 20. Rad1 Nc4 21. Bf2 Qb6 22. b3 Bxd4 23.
bxc4 bxc4 24. Rc1 Bxf2+ 25. Rxf2 Rg5 26. Qxc4 Rgd5 27. Qc6+ Qxc6 28. Rxc6 Rd1+
29. Rf1 R1d2 30. Rf2 Rd1+ 1/2-1/2

[Event "Linares"]
[Site "Linares"]
[Date "1994.??.??"]
[Round "?"]
[White "Karpov, Anatoly"]
[Black "Kramnik, Vladimir"]
[Result "1-0"]
[WhiteElo "2740"]
[BlackElo "2710"]
[Annotator "Karpov,An"]
[PlyCount "79"]
[EventDate "1994.??.??"]

{60/435} 1. d4 1... d5 2. c4 c6 3. Nf3 Nf6 4. Nc3 e6 5. e3 Nbd7 6. Bd3 dxc4 7.
Bxc4 b5 8. Bd3 a6 9. e4 c5 10. d5 c4 11. dxe6 fxe6 12. Bc2 Bb7 13. O-O Qc7 14.
Ng5 (14. Qe2 14... Bd6 $132) 14... Nc5 15. e5 $1 {N} (15. f4 {- 30/576}) 15...
Qxe5 16. Re1 Qd6 17. Qxd6 $1 (17. Be3) 17... Bxd6 18. Be3 O-O (18... Ng4 19.
Bxc5 Bxc5 20. Rxe6+ Kd7 21. Rd1+ Kc7 22. Nce4 $16) 19. Rad1 Be7 (19... Rfd8 20.
Rxd6 Rxd6 21. Bxc5 Rd2 22. Rc1 {Be3}) 20. Bxc5 Bxc5 21. Nxe6 Rfc8 22. h3 $1 (
22. Nxc5 Rxc5 23. Re7 23... Rb8 {Kf8}) 22... Bf8 (22... b4 $2 23. Na4 Ba7 24.
Nxg7 Kxg7 25. Re7+ $18) 23. g4 h6 24. f4 Bf3 25. Rd2 Bc6 26. g5 hxg5 27. fxg5
Nd7 28. Nxf8 (28. Rf2 $5 {Bg6-f7, Rf4} 28... Bc5 (28... Nc5 29. Rxf8+ Rxf8 30.
Nxc5 $16) 29. Nxc5 $14) 28... Nxf8 29. Rd6 (29. Nd5 $5) 29... b4 30. Ne4 (30.
Nd5 $5) 30... Be8 31. Ng3 Rd8 32. Nf5 Rxd6 33. Nxd6 Bg6 34. Bxg6 Nxg6 35. Nxc4
Rd8 (35... Rf8 36. Re4 Rf3 37. Kg2) 36. Re4 b3 37. axb3 (37. a4 $16) 37... Rd3
38. Kg2 Rxb3 39. h4 Nf8 (39... Kf8 40. h5 Ne7 41. Re5 Ke8 42. Ra5 $16) 40. Re8
$1 1-0

[Event "Linares"]
[Site "Linares"]
[Date "1994.??.??"]
[Round "?"]
[White "Karpov, Anatoly"]
[Black "Polgar, Judit"]
[Result "1-0"]
[WhiteElo "2740"]
[BlackElo "2630"]
[Annotator "Karpov,An"]
[PlyCount "65"]
[EventDate "1994.??.??"]

{60/146} 1. e4 1... c5 2. c3 e6 3. d4 d5 4. exd5 exd5 5. Nf3 (5. Be3 {
- 60/(146)}) 5... Nc6 6. Bb5 6... c4 $6 {N} (6... Bd6 {- 57/278}) 7. Ne5 $1 (7.
O-O 7... Bd6 {Ne7}) 7... Qb6 (7... Bd7 8. Bxc6 (8. Nxd7 $6) 8... Bxc6 9. O-O
Bd6 10. Qg4 $1 $16) 8. Bxc6+ (8. Qa4 Bd7 (8... Nge7 $6 9. b3 a6 10. bxc4 $1 $16
) 9. Nxd7 Kxd7 10. O-O a6 11. Bxc6+ Qxc6 12. Qd1 $1 $14 (12. Qc2 $6 12... Qg6
$1)) 8... bxc6 9. O-O Bd6 10. b3 $1 $16 10... cxb3 11. axb3 Ne7 12. Ba3 Bxe5 (
12... Bxa3 13. Rxa3 (13. Nxa3 O-O 14. Re1 Bf5 15. g4 $5) 13... O-O 14. Re1 $14)
13. dxe5 Be6 (13... c5 14. b4 c4 15. b5 $1 $16) 14. Qd4 $1 $16 14... Nf5 15.
Qc5 h5 16. Nd2 f6 17. exf6 gxf6 18. Bb4 (18. Qxb6 axb6 19. Bc5 $1 $16) 18...
Kf7 19. Ra4 $1 19... Qxc5 20. Bxc5 a6 21. f3 21... h4 $6 (21... Rae8) 22. Rfa1
Bc8 23. Kf2 (23. Rb4 $6 23... Re8 24. Kf2 a5 25. Rb6 25... Ba6 $132) 23... Rb8
24. b4 Re8 25. Nb3 Bb7 26. Na5 (26. Ba7 26... Ra8 $8 (26... Rbd8 27. Nc5 Bc8
28. Bb6 Rd6 29. Bc7 $18) 27. Bb6 $16) 26... Ba8 27. R4a2 Re6 28. Ba7 Rb5 (28...
Rbe8 29. Nb3 Bb7 30. Nc5 R6e7 31. Nxb7 Rxb7 32. Bc5 $1 (32. Rxa6 $6 32... d4 $1
$132)) 29. Nb3 Bb7 30. g4 hxg3+ 31. hxg3 Re8 32. g4 Nd6 33. Nd4 $1 1-0